000 00582nam a2200241 a 4500
001 nice12345678
003 IN_TiNIC
005 20260116011720.0
008 050524s1979 dela grp 000 0 urd
020 _a
_c20
082 0 0 _a922.97
_bAZE
100 _aAzeem, Akhtar Viqar
245 _aShibli Ba Haisiyat Moarrikh
260 _aDelhi
_bEteqad Pub.House
_c1979
300 _a224p
500 _aincludes index and biblioraphy
505 2 _aUrdu-Arabic
650 _aShibli Nomani
700 1 _aAzeem, Akhtar Viqar
902 _bSRS
942 _cBK
999 _c3512
_d3512